00530cam a2200157 a 450000500170000000800410001705000210005810000210007924500880010025000110018826000440019930000250024349000340026850400300030265100400033220170614112047.0040810s1972 cn 000 0 eng u04aF1032 bB87 19721 aBurroughs, Peter14aThe Canadian crisis and British colonial policy :b1828-1841 /cby Peter Burroughs. a1a ed. aToronto :bMacmillan of Canada, c1972. avi, 118 p. ;c20 cm. 0aFoundations of modern history aBibliografía e índice 72LEMBaCanada xHistoria y1791-1841